000 01186nmm a2200337 a 4500
001 ocm0001682841
003 TR-IsHL
005 20201028170032.0
008 171225s2014 tu tur
007 cr cn
020 _a9786050052558
035 _a1682841
_b(N$T)
050 0 4 _aDR571.5
_b.B53 2014
090 0 4 _aDR571.5
_b.B53 2014
100 1 _aBicik, Mehmet
245 1 0 _aBilinmeyen yönleriyle II. Abdülhamid
_h[electronic resource] /
_cMehmet Bicik ; yayın yönetmeni Filiz Özbay ; editör Hakan Birol
250 _aBeşinci basım
260 _aİstanbul :
_bAkis Kitap,
_c2014
300 _a273 p.
500 _aKaynakça var.
_x
650 4 _aTarih
650 4 _aHistory
650 0 _aAbdülhamid II, Osmanlı padişahı, 1842-1918
650 0 _aAbdulhamid II, Sultan of the Turks, 1842-1918
650 0 _aTürkiye
_x Tarih
_x Abdülhamid II, 1876-1909
650 0 _aTurkey
_x History
_x Abdulhamid II, 1876-1909
650 7 _aHISTORY / Middle East / Turkey & Ottoman Empire
_2bisacsh
700 1 _aÖzbay, Filiz
700 1 _aBirol, Hakan
856 4 0 _uhttp://search.ebscohost.com/login.aspx?direct=true&scope=site&db=e011xww&AN=1682841
999 _c16064
_d16064